Національна трибуна (Запис № 441908)

МАРК-запис
000 -Лідер
fixed length control field 00863nam a22001937a 4500
003 - Ідентифікатор контрольного номера
control field UA-OsUOA
001 - Контрольний номер
control field 43433
007 - Фіксоване поле фізичного опису
fixed length control field ta
008 - Елементи даних фіксованої довжини – загальна інформація
fixed length control field 20090626b un ||||| |||| 00| 0 ukr d
090 ## - Локальний шифр розміщення
Класифікаційний індекс УДК 050
Авторський знак (НП) Н35
040 ## - Джерело каталогізації
Агенція оригінальної каталогізації UA-OsUOA
Мова каталогізації ukr
Агенція, яка здійснювала перезапис UA-OsUOA
Агенція, яка здійснювала модифікацію UA-OsUOA
041 ## - Код мови
Код мови тексту/ звукової доріжки чи окремого заголовка (П) ukr
080 ## - Індекс Універсальної десяткової класифікації
Індекс Універсальної десяткової класифікації (УДК) (НП) 050
245 ## - Відомості про назву
Назва (НП) Національна трибуна
Решта назви (НП) 2008: 3 серпня, №29(1274); 10 серпня, №30(1275); 21 вересня, №36; 28 вересня, №37(1282); 5 жовтня, №38(1283); 2 листопада, №42(1287); 30 листопада, №46(1291); 7 грудня, №47(1292); 21 грудня, №49(1294)
650 #7 - Додаткове предметне введення – тематичний термін
Тематичний термін чи географічна назва, як елемент введення (НП) 050 Серійні публікації. Періодика галузі, Організація та інші типи поєднання (співробітництва)
Джерело заголовка чи терміна UDC
942 ## - Додаткові елементи входу (Коха)
Тип елемента Koha Газета
955 ## - Код типу видання за змістом
Код типу видання за змістом (НП) Науково-популярні видання

Немає доступних примірників.